The talking horse /

Saved in:
Bibliographic Details
Main Author: De Polnay, Peter, 1906-
Format: Book
Language:English
Published: London : W.H. Allen, 1980.
LEADER 00832cam a2200241 a 4500
001 c000275577
003 CARM
005 20071102090031.0
008 810121s1980 enk 000 1 eng d
015 |a GB*** 
019 1 |a 2047118  |z 43804072  |5 LACONCORD2021 
020 |a 0491027532 :  |c £5.95 
035 |a (OCoLC)7738606  |5 LACONCORD2021 
040 |a LC  |b eng  |c LC  |d APLS  |d VCAV 
050 0 0 |a PR6007.E635  |b T3 
082 0 4 |a 823.914  |2 22 
100 1 |a De Polnay, Peter,  |d 1906- 
245 1 4 |a The talking horse /  |c Peter de Polnay. 
260 |a London :  |b W.H. Allen,  |c 1980. 
300 |a 191 p. ;  |c 21 cm. 
852 8 |b CARM  |h A1:AM20A0  |i A04949  |p 0395428  |f BK 
999 f f |i 923b139e-27af-56ae-bf47-4adbc9532d4f  |s 4ea1caf1-337f-5b63-bcfc-b2d77c0512e5 
952 f f |p Can circulate  |a CAVAL  |b CAVAL  |c CAVAL  |d CARM 1 Store  |e A04949  |f A1:AM20A0  |h Other scheme  |i book  |m 0395428